000 00572nam a2200217Ia 4500
003 OSt
005 20260216151045.0
008 210210b2017 xxu||||| |||| 00| 0 eng d
020 _a9781509830114
040 _cAL
041 _aeng
082 _a650.1 KOTO
100 _aJohn Kotter
_9255105
245 _aOur iceberg is melting
_b: changing and succeeding under any conditions
260 _aUK
_bMacmillan & Co. Ltd.
_c2017
300 _ax,159p
690 _aBusiness Studies
_9255107
700 _aHolger Rathgeber
_9255108
906 _a073927
942 _2ddc
_cBK
999 _c123712
_d123712